Debaran buku biru...

Bibliographic Details
Main Author: Ashadi Zain
Other Authors: Fred Suriyani
Format: Book
Published: Selangor : PTS One , 2006
Subjects:

MARC

LEADER 00000cam a2200000 7i4500
001 0000002947
005 20151222.0
008 070629
020 |a 9833357431 
090 0 0 |a JF   |b MAL 
100 0 |a Ashadi Zain 
245 1 0 |a Debaran buku biru...   |c Ashadi Zain 
260 |a Selangor :   |b PTS One ,   |c 2006 
500 |a Children ages 10-12 years old (pink) 
650 0 |a Malay fiction 
700 0 |a Fred Suriyani 
999 |a 0000957736   |b Book   |c Children Collection   |e Cawangan Kota Tinggi 
999 |a 0000957737   |b Book   |c Children Collection   |e Cawangan Mersing 
999 |a 0000957738   |b Book   |c Children Collection   |e Cawangan Batu Pahat 
999 |a 0000957739   |b Book   |c Children Collection   |e Cawangan Tmn. Ungku Tun Aminah 
999 |a 0000957740   |b Book   |c Children Collection   |e Cawangan Bukit Gambir